[Event "EU-ch (Women) 25th"]
[Site "Rhodes"]
[Date "2025.04.01"]
[Round "2"]
[White "Khurtsilava, Inga"]
[Black "Subramanian, Anusha"]
[Result "1/2-1/2"]
[WhiteElo "2214"]
[BlackElo "2026"]
[PlyCount "88"]
[EventDate "2025.03.31"]
[EventType "swiss"]
[EventRounds "11"]
[EventCountry "GRE"]
[SourceTitle "CB16_2025"]
[SourceDate "2025.04.16"]
[SourceVersion "1"]
[SourceVersionDate "2025.04.16"]
[SourceQuality "1"]

1. d4 Nf6 2. Nf3 b6 3. e3 Bb7 4. Bd3 c5 5. Nbd2 e6 6. 0-0 Be7 7. b3 0-0 8. Bb2 cxd4 9. exd4 d6 10. a3 Nbd7 11. Re1 Re8 12. c4 Rc8 13. Rc1 Rc7 14. Ne4 Qa8 15. Qe2 Rec8 16. Neg5 Nf8 17. Rcd1 h6 18. Nh3 Bxf3 19. gxf3 d5 20. f4 Bd6 21. f3 Nh5 22. Bc1 dxc4 23. bxc4 Re7 24. Qg2 f5 25. Kh1 Qb8 26. d5 Bxf4 27. Bxf5 Rxc4 28. Bxf4 Nxf4 29. Nxf4 Qxf4 30. Bxe6+ Nxe6 31. dxe6 Qf6 32. Qe2 Rc8 33. Rd7 Rce8 34. Rxe7 Rxe7 35. Qe4 g6 36. a4 Kg7 37. Kg2 Qg5+ 38. Kf1 Qf5 39. Qd4+ Qf6 40. Qd5 Qf4 41. Re2 Qc1+ 42. Re1 Qf4 43. Re2 Qc1+ 44. Re1 Qf4 1/2-1/2

[Event "Titled Tuesday intern op 04th Mar Early"]
[Site "Chess.com INT"]
[Date "2025.03.04"]
[Round "10"]
[White "Baltaci, Ismail Tarik"]
[Black "Subramanian, Anusha"]
[Result "1-0"]
[WhiteElo "2077"]
[BlackElo "2026"]
[PlyCount "97"]
[EventDate "2025.03.04"]
[EventType "swiss (blitz)"]
[EventRounds "11"]
[EventCountry "USA"]
[SourceTitle "CB11_2025"]
[SourceDate "2025.03.12"]
[SourceVersion "1"]
[SourceVersionDate "2025.03.12"]
[SourceQuality "1"]

1. e4 c6 2. d4 d5 3. Nd2 dxe4 4. Nxe4 Nf6 5. Nxf6+ exf6 6. Bd3 Bd6 7. Qh5 g6 8. Qh6 Bf8 9. Qh4 Bg7 10. Bh6 Qe7+ 11. Ne2 Bxh6 12. Qxh6 Qf8 13. Qf4 Qe7 14. 0-0-0 0-0 15. h4 Be6 16. h5 Nd7 17. Nc3 b5 18. Rde1 b4 19. Ne4 f5 20. Ng5 Nf6 21. hxg6 hxg6 22. Bc4 Nh5 23. Rxh5 gxh5 24. Nxe6 fxe6 25. Rxe6 Qg7 26. Rg6+ Kh7 27. Rxg7+ Kxg7 28. Qg5+ Kh7 29. Qxh5+ Kg7 30. Qg5+ Kh7 31. Qe7+ Kg6 32. Qxb4 Rae8 33. Qd6+ Rf6 34. Qg3+ Kh7 35. Bd3 Rg8 36. Qh4+ Kg6 37. g4 Kf7 38. Bxf5 Re8 39. Qh7+ Kf8 40. g5 Rf7 41. Qh6+ Ke7 42. Bg6 Rxf2 43. Bxe8 Kxe8 44. Qe6+ Kf8 45. g6 Rf1+ 46. Kd2 Rf2+ 47. Ke3 Re2+ 48. Kxe2 c5 49. Qf7# 1-0

[Event "Titled Tuesday intern op 04th Mar Early"]
[Site "Chess.com INT"]
[Date "2025.03.04"]
[Round "8"]
[White "February, Jesse Nikki"]
[Black "Subramanian, Anusha"]
[Result "1-0"]
[WhiteElo "2052"]
[BlackElo "2026"]
[PlyCount "91"]
[EventDate "2025.03.04"]
[EventType "swiss (blitz)"]
[EventRounds "11"]
[EventCountry "USA"]
[SourceTitle "CB11_2025"]
[SourceDate "2025.03.12"]
[SourceVersion "1"]
[SourceVersionDate "2025.03.12"]
[SourceQuality "1"]

1. e4 c6 2. d4 d5 3. exd5 cxd5 4. Bd3 Nf6 5. h3 Nc6 6. c3 e6 7. Nf3 Bd6 8. 0-0 0-0 9. Bg5 h6 10. Be3 a6 11. Re1 b5 12. Nbd2 Bb7 13. Nf1 Rc8 14. Qd2 Re8 15. Rac1 Na5 16. Bb1 Nc4 17. Qc2 Ne4 18. N1d2 f5 19. Qd1 Nxb2 20. Qc2 Nc4 21. Nxe4 dxe4 22. Nd2 Bd5 23. a4 f4 24. Nxc4 Rxc4 25. Bd2 Rxa4 26. Rcd1 Qg5 27. g3 e3 28. Qh7+ Kf7 29. Bxe3 fxe3 30. Rxe3 Ke7 31. h4 Qf6 32. Bg6 Rf8 33. f4 Rc4 34. Rde1 Rcc8 35. Be4 Bxf4 36. gxf4 Qxf4 37. Bxd5 Qf2+ 38. Kh1 Qxh4+ 39. Kg1 Qg5+ 40. Bg2 Rf6 41. Qe4 Rcf8 42. Qb7+ Ke8 43. Rxe6+ Rxe6 44. Rxe6+ Kd8 45. Rd6+ Ke8 46. Qd7# 1-0

[Event "Titled Tuesday intern op 04th Mar Early"]
[Site "Chess.com INT"]
[Date "2025.03.04"]
[Round "7"]
[White "Subramanian, Anusha"]
[Black "Koch, Juan Enrique"]
[Result "1-0"]
[WhiteElo "2026"]
[BlackElo "2001"]
[PlyCount "61"]
[EventDate "2025.03.04"]
[EventType "swiss (blitz)"]
[EventRounds "11"]
[EventCountry "USA"]
[SourceTitle "CB11_2025"]
[SourceDate "2025.03.12"]
[SourceVersion "1"]
[SourceVersionDate "2025.03.12"]
[SourceQuality "1"]

1. c4 e6 2. Nc3 d5 3. e3 c5 4. cxd5 exd5 5. d4 Nf6 6. Nf3 Nc6 7. Bb5 cxd4 8. Nxd4 Bd7 9. 0-0 a6 10. Be2 Bd6 11. h3 0-0 12. Bf3 Be6 13. b3 Rc8 14. Bb2 Bb8 15. Nxe6 fxe6 16. Rc1 Qd6 17. g3 Ne5 18. Bg2 Ng6 19. Qd2 h5 20. Qd3 Ne5 21. Qe2 h4 22. f4 Nc6 23. g4 d4 24. Ne4 Nxe4 25. Bxe4 dxe3 26. Rcd1 Qb4 27. Rd7 Rf7 28. Bh7+ Kf8 29. Qd3 Rxd7 30. Qxd7 Rc7 31. Bxg7# 1-0

[Event "Budapest SixDays 01 IM-B"]
[Site "Budapest"]
[Date "2025.01.27"]
[Round "3"]
[White "Meers, Hubert"]
[Black "Subramanian, Anusha"]
[Result "1-0"]
[WhiteElo "2198"]
[BlackElo "2044"]
[PlyCount "59"]
[EventDate "2025.01.26"]
[EventType "tourn"]
[EventRounds "9"]
[EventCountry "HUN"]
[SourceTitle "CB06_2025"]
[SourceDate "2025.02.05"]
[SourceVersion "1"]
[SourceVersionDate "2025.02.05"]
[SourceQuality "1"]

1. e4 e5 2. Nf3 Nf6 3. d4 Nxe4 4. Bd3 d5 5. dxe5 Be7 6. Nbd2 Nxd2 7. Bxd2 c5 8. c3 Nc6 9. h3 Be6 10. 0-0 Qd7 11. a4 Bf5 12. Bg5 Bxd3 13. Qxd3 0-0 14. Rad1 h6 15. Bxe7 Nxe7 16. a5 b6 17. Nh4 Rfd8 18. f4 Qa4 19. Qg3 d4 20. f5 Qc2 21. f6 Ng6 22. e6 gxf6 23. exf7+ Kh7 24. Nf5 Rd7 25. Qf3 Rad8 26. Qh5 Rxf7 27. Qxh6+ Kg8 28. Qxg6+ Kf8 29. Qh5 Kg8 30. Nh6+ 1-0

[Event "UK Blitz Women) Final"]
[Site "Leamington Spa"]
[Date "2024.11.16"]
[Round "2"]
[White "Sivanandan, Bodhana"]
[Black "Subramanian, Anusha"]
[Result "1-0"]
[WhiteElo "2082"]
[BlackElo "2131"]
[PlyCount "137"]
[EventDate "2024.11.16"]
[EventType "tourn (blitz)"]
[EventRounds "15"]
[EventCountry "ENG"]
[SourceTitle "CB47_2024"]
[SourceDate "2024.11.20"]
[SourceVersion "1"]
[SourceVersionDate "2024.11.20"]
[SourceQuality "1"]

1. e4 e6 2. d4 d5 3. Nd2 dxe4 4. Nxe4 Nd7 5. Nf3 Ngf6 6. Nxf6+ Nxf6 7. c3 c5 8. Ne5 a6 9. Be3 Bd6 10. Qa4+ Nd7 11. Nxd7 Bxd7 12. Qc2 cxd4 13. Bxd4 e5 14. Be3 0-0 15. Bd3 g6 16. 0-0 Qc7 17. h3 f5 18. Qb3+ Kg7 19. Qb6 Qxb6 20. Bxb6 e4 21. Bc4 Rac8 22. Bb3 Bb5 23. Rfd1 Bd3 24. Bc2 Bxc2 25. Rxd6 Rf7 26. Rc1 Bd3 27. b3 Rc6 28. Rxc6 bxc6 29. b4 Bc4 30. a3 Rd7 31. Bd4+ Kf7 32. f3 Bd3 33. Kf2 Ke6 34. g4 Kd5 35. gxf5 gxf5 36. a4 Kc4 37. a5 Rb7 38. Rg1 Re7 39. fxe4 fxe4 40. Rg5 Rf7+ 41. Ke1 Rf1+ 42. Kd2 Kb3 43. Rc5 Bb5 44. Ke3 Re1+ 45. Kf4 Ka3 46. Re5 Rh1 47. Kg3 Bd3 48. Re6 Bb5 49. Rxe4 Rd1 50. Re7 Rd3+ 51. Kg4 h6 52. Re6 h5+ 53. Kh4 Rf3 54. Re5 Rf4+ 55. Kxh5 Rf3 56. h4 Rf8 57. Rg5 Be2+ 58. Kg6 Rg8+ 59. Kh6 Rf8 60. h5 Bc4 61. Kg6 Rg8+ 62. Bg7 Bd3+ 63. Kf6 Bc4 64. h6 Rd8 65. h7 Rd6+ 66. Ke5 Rd8 67. h8Q Rxh8 68. Bxh8 Kb3 69. Kd6 1-0

[Event "UK Blitz Women) Final"]
[Site "Leamington Spa"]
[Date "2024.11.16"]
[Round "9"]
[White "Subramanian, Anusha"]
[Black "Williams, Ana"]
[Result "1-0"]
[WhiteElo "2131"]
[BlackElo "1946"]
[PlyCount "59"]
[EventDate "2024.11.16"]
[EventType "tourn (blitz)"]
[EventRounds "15"]
[EventCountry "ENG"]
[SourceTitle "CB47_2024"]
[SourceDate "2024.11.20"]
[SourceVersion "1"]
[SourceVersionDate "2024.11.20"]
[SourceQuality "1"]

1. c4 e6 2. d4 Nf6 3. Nf3 d5 4. Nc3 c5 5. cxd5 Nxd5 6. e4 Nxc3 7. bxc3 cxd4 8. cxd4 Bb4+ 9. Bd2 Bxd2+ 10. Qxd2 0-0 11. Bc4 Nd7 12. 0-0 b6 13. Rac1 Bb7 14. Qe2 Nf6 15. Bd3 h6 16. Rfd1 Rc8 17. a4 Qd7 18. Bb5 Qe7 19. Bd3 Qd7 20. Bb5 Qe7 21. Bd3 Rfd8 22. Qe1 Qa3 23. Ra1 Qc3 24. Qe2 Kf8 25. Rdb1 Rc7 26. Rd1 Rdc8 27. h4 Kg8 28. e5 Nd5 29. Be4 Nf4 30. Qe1 1-0

[Event "Titled Tuesday intern op 24th Sep Early"]
[Site "Chess.com INT"]
[Date "2024.09.24"]
[Round "9"]
[White "Sharipov, Davron"]
[Black "Subramanian, Anusha"]
[Result "1-0"]
[WhiteElo "2246"]
[BlackElo "2067"]
[PlyCount "135"]
[EventDate "2024.09.24"]
[EventType "swiss (blitz)"]
[EventRounds "11"]
[EventCountry "USA"]
[SourceTitle "EXT 2025"]
[Source "ChessBase"]
[SourceDate "2024.10.14"]
[SourceVersion "1"]
[SourceVersionDate "2024.10.14"]
[SourceQuality "1"]

1. e4 e5 2. Nf3 Nc6 3. Bb5 Nf6 4. d3 Bc5 5. Bxc6 dxc6 6. Nbd2 0-0 7. Nc4 Re8 8. Be3 Bxe3 9. Nxe3 Ng4 10. Nxg4 Bxg4 11. h3 Bxf3 12. Qxf3 Qd6 13. 0-0-0 b5 14. g4 b4 15. h4 a5 16. g5 a4 17. Kb1 b3 18. cxb3 axb3 19. a3 Red8 20. Qe2 c5 21. h5 Ra4 22. g6 fxg6 23. hxg6 h6 24. Qf3 Rf8 25. Qg4 Rd4 26. Rh3 c4 27. Rc1 Rxd3 28. Rxc4 Rd1+ 29. Rc1 Rxc1+ 30. Kxc1 Qc5+ 31. Rc3 Qxf2 32. Rxb3 Qe1+ 33. Qd1 Qxe4 34. Rc3 Qxg6 35. Qb3+ Kh7 36. Rd3 Qg1+ 37. Rd1 Qc5+ 38. Kb1 Rf2 39. Qd3+ Kg8 40. Qd8+ Rf8 41. Qd3 Qc6 42. Rc1 Qe6 43. Rxc7 e4 44. Qe2 Qg6 45. Rc1 e3+ 46. Ka1 Qe6 47. Rc3 Rf2 48. Qe1 Rf3 49. Qe2 Rf2 50. Qxe3 Qxe3 51. Rxe3 Rf1+ 52. Ka2 g5 53. a4 g4 54. a5 Rf4 55. a6 Ra4+ 56. Ra3 Rxa3+ 57. Kxa3 g3 58. a7 g2 59. a8Q+ Kh7 60. Qxg2 h5 61. Kb4 Kh6 62. Kc5 Kh7 63. Kd6 h4 64. Ke7 h3 65. Qxh3+ Kg6 66. Qg4+ Kh7 67. Kf6 Kh8 68. Qg7# 1-0

[Event "Titled Tuesday intern op 24th Sep Early"]
[Site "Chess.com INT"]
[Date "2024.09.24"]
[Round "11"]
[White "Subramanian, Anusha"]
[Black "Krzywda, Andrzej"]
[Result "0-1"]
[WhiteElo "2067"]
[BlackElo "2208"]
[PlyCount "116"]
[EventDate "2024.09.24"]
[EventType "swiss (blitz)"]
[EventRounds "11"]
[EventCountry "USA"]
[SourceTitle "EXT 2025"]
[Source "ChessBase"]
[SourceDate "2024.10.14"]
[SourceVersion "1"]
[SourceVersionDate "2024.10.14"]
[SourceQuality "1"]

1. e4 c5 2. Nf3 d6 3. d4 cxd4 4. Nxd4 Nf6 5. Nc3 a6 6. f3 e5 7. Nb3 Be7 8. Be3 Be6 9. g4 d5 10. exd5 Nxd5 11. Nxd5 Qxd5 12. Qxd5 Bxd5 13. Be2 Nc6 14. 0-0-0 0-0-0 15. h4 h5 16. g5 Be6 17. f4 Rxd1+ 18. Rxd1 Bg4 19. Re1 Bd6 20. Bxg4+ hxg4 21. fxe5 Bxe5 22. Rf1 Rxh4 23. Rxf7 g3 24. Nc5 g2 25. Nxb7 Bf4 26. Rxf4 Rxf4 27. Nd6+ Kd7 28. Nb7 Rf1+ 29. Kd2 g1Q 30. Nc5+ Kd6 31. Ne4+ Ke5 32. Bxg1 Rxg1 33. Nc5 a5 34. Nd7+ Kd6 35. Nb6 Rxg5 36. Nc4+ Kc5 37. Ne3 Rh5 38. a3 Nd4 39. Kd3 Nf5 40. Ng4 Rg5 41. Ne5 Nd6 42. Nd7+ Kc6 43. Nb8+ Kc7 44. Na6+ Kb7 45. Nc5+ Rxc5 46. b4 axb4 47. axb4 Rc8 48. c4 Nxc4 49. Kd4 Nb6 50. Ke5 Rf8 51. Kd4 g5 52. Kc5 g4 53. Kd6 g3 54. Kc5 g2 55. Kd6 g1Q 56. Ke7 Qf2 57. Ke6 Qf5+ 58. Ke7 Qf6# 0-1

[Event "Titled Tuesday intern op 17th Sep Early"]
[Site "Chess,com INT"]
[Date "2024.09.17"]
[Round "11"]
[White "Eggleston, Thomas"]
[Black "Subramanian, Anusha"]
[Result "1-0"]
[WhiteElo "2178"]
[BlackElo "2067"]
[PlyCount "73"]
[EventDate "2024.09.17"]
[EventType "swiss (blitz)"]
[EventRounds "11"]
[EventCountry "USA"]
[SourceTitle "EXT 2025"]
[Source "ChessBase"]
[SourceDate "2024.10.14"]
[SourceVersion "1"]
[SourceVersionDate "2024.10.14"]
[SourceQuality "1"]

1. e4 e5 2. f4 exf4 3. Bc4 d6 4. d4 Nf6 5. Nc3 Bg4 6. Nf3 Nbd7 7. Bxf4 Be7 8. 0-0 0-0 9. h3 Bh5 10. g4 Bg6 11. Bd3 a6 12. Nh4 c5 13. Nxg6 hxg6 14. dxc5 Nxc5 15. Kh2 b5 16. Qf3 b4 17. Ne2 Re8 18. Ng3 Qd7 19. Bc4 Ne6 20. Be3 Bf8 21. g5 Nh7 22. h4 Rac8 23. Bb3 a5 24. Rac1 a4 25. Bd5 Rc7 26. Rf2 Rec8 27. Qg2 Qb5 28. Rcf1 Nd8 29. h5 gxh5 30. Nxh5 g6 31. Nf4 b3 32. axb3 axb3 33. c4 Qb4 34. Nxg6 Bg7 35. Nh4 Be5+ 36. Kh1 Qa5 37. g6 1-0

[Event "Titled Tuesday intern op 10th Sep Early"]
[Site "Chess,com INT"]
[Date "2024.09.10"]
[Round "10"]
[White "Portero Rubio, Martin"]
[Black "Subramanian, Anusha"]
[Result "1-0"]
[WhiteElo "2043"]
[BlackElo "2067"]
[PlyCount "49"]
[EventDate "2024.09.10"]
[EventType "swiss (blitz)"]
[EventRounds "11"]
[EventCountry "USA"]
[SourceTitle "EXT 2025"]
[Source "ChessBase"]
[SourceDate "2024.10.14"]
[SourceVersion "1"]
[SourceVersionDate "2024.10.14"]
[SourceQuality "1"]

1. e4 e5 2. Nf3 Nc6 3. Bb5 Nge7 4. 0-0 Ng6 5. d4 exd4 6. Nxd4 Bc5 7. Be3 Bxd4 8. Bxd4 Nxd4 9. Qxd4 0-0 10. Nc3 c6 11. Bc4 Qe7 12. Rad1 Re8 13. Bb3 b5 14. f4 b4 15. f5 Ne5 16. Ne2 Ba6 17. f6 gxf6 18. Ng3 Bxf1 19. Rxf1 c5 20. Qe3 c4 21. Nh5 cxb3 22. Qh6 Qc5+ 23. Kh1 Qf8 24. Nxf6+ Kh8 25. Qxh7# 1-0

[Event "Titled Tuesday intern op 10th Sep Early"]
[Site "Chess,com INT"]
[Date "2024.09.10"]
[Round "4"]
[White "Vincenti, Leonardo"]
[Black "Subramanian, Anusha"]
[Result "1-0"]
[WhiteElo "2152"]
[BlackElo "2067"]
[PlyCount "75"]
[EventDate "2024.09.10"]
[EventType "swiss (blitz)"]
[EventRounds "11"]
[EventCountry "USA"]
[SourceTitle "EXT 2025"]
[Source "ChessBase"]
[SourceDate "2024.10.14"]
[SourceVersion "1"]
[SourceVersionDate "2024.10.14"]
[SourceQuality "1"]

1. e4 e6 2. d4 d5 3. Bd3 dxe4 4. Bxe4 Nf6 5. Bf3 Be7 6. Ne2 0-0 7. c4 c5 8. Nbc3 Nc6 9. d5 Ne5 10. Bf4 Nxc4 11. dxe6 Bxe6 12. Bxb7 Rb8 13. Bxb8 Qxb8 14. Bf3 Qxb2 15. 0-0 Rd8 16. Qb3 Qxb3 17. axb3 Nd2 18. Rfd1 Bxb3 19. Re1 Nxf3+ 20. gxf3 Rd7 21. Reb1 c4 22. Nb5 Bc5 23. Nec3 Rd2 24. Rf1 Rc2 25. Ne4 Nxe4 26. fxe4 h5 27. Nxa7 Re2 28. Nb5 Rxe4 29. Ra8+ Kh7 30. Rc8 Bb6 31. h3 Re5 32. Nd6 Rg5+ 33. Kh1 Kg6 34. Rc6 Kh7 35. Rxb6 Bc2 36. Nxc4 Be4+ 37. f3 Bd3 38. Rc1 1-0

[Event "London Menchik Memorial (Women)"]
[Site "London"]
[Date "2024.08.30"]
[Round "1"]
[White "Subramanian, Anusha"]
[Black "Hryshchenko, Kamila"]
[Result "1/2-1/2"]
[WhiteElo "2033"]
[BlackElo "2181"]
[PlyCount "148"]
[EventDate "2024.08.30"]
[EventType "tourn"]
[EventRounds "9"]
[EventCountry "ENG"]
[SourceTitle "CBM 221 Extra"]
[Source "ChessBase"]
[SourceDate "2024.09.30"]
[SourceVersion "1"]
[SourceVersionDate "2024.09.30"]
[SourceQuality "1"]

1. d4 d6 2. c4 e5 3. Nc3 c6 4. dxe5 dxe5 5. Qc2 Be6 6. Nf3 Qc7 7. e4 Nf6 8. h3 h6 9. Be3 a5 10. a3 Na6 11. Na4 Nd7 12. c5 Be7 13. Qc3 0-0 14. Bd3 f5 15. exf5 Bd5 16. Nd2 Bxg2 17. Rg1 Bd5 18. Bxh6 Rf7 19. Be3 e4 20. Nxe4 Re8 21. 0-0-0 Bxe4 22. Bxe4 Naxc5 23. Nxc5 Bxc5 24. Bc2 Bxe3+ 25. fxe3 Nf6 26. Bb3 Nd5 27. Rxd5 cxd5 28. Bxd5 Kf8 29. Bxf7 Qxf7 30. Qc5+ Kg8 31. Kb1 b6 32. Qxb6 Qxf5+ 33. Ka1 Qe5 34. Qd4 Qxd4 35. exd4 Re3 36. h4 Re4 37. h5 Kf7 38. Rg5 a4 39. d5 Rd4 40. Kb1 Kf6 41. Rg6+ Kf7 42. d6 Rh4 43. Rg5 Rd4 44. Ra5 Ke6 45. Ra7 Rg4 46. d7 Ke7 47. Kc2 Kd8 48. Kd3 Rh4 49. Ra5 Kxd7 50. Ra7+ Kc6 51. Rxg7 Rxh5 52. Kc4 Rh4+ 53. Kc3 Rh3+ 54. Kb4 Rb3+ 55. Kxa4 Rxb2 56. Ka5 Rb5+ 57. Ka6 Rb6+ 58. Ka7 Rb5 59. Rg6+ Kc7 60. Ka6 Rb8 61. a4 Ra8+ 62. Kb5 Rb8+ 63. Kc5 Rh8 64. Rg5 Kb7 65. Kb5 Ka7 66. Ka5 Kb7 67. Rg7+ Kb8 68. Kb6 Rh6+ 69. Kc5 Rh5+ 70. Kd6 Rh6+ 71. Kd7 Kb7 72. a5 Rh5 73. Kd6+ Ka6 74. Kc6 Kxa5 1/2-1/2

[Event "BCF-ch"]
[Site "Hull"]
[Date "2024.07.31"]
[Round "5"]
[White "Subramanian, Anusha"]
[Black "Arnott, Jonathan"]
[Result "1-0"]
[WhiteElo "2033"]
[BlackElo "2089"]
[PlyCount "132"]
[EventDate "2024.07.27"]
[EventType "swiss"]
[EventRounds "9"]
[EventCountry "ENG"]
[SourceTitle "CBM 221 Extra"]
[Source "ChessBase"]
[SourceDate "2024.09.30"]
[SourceVersion "1"]
[SourceVersionDate "2024.09.30"]
[SourceQuality "1"]

1. d4 e6 2. c4 Nf6 3. Nf3 Bb4+ 4. Nbd2 d5 5. Qa4+ Nc6 6. e3 0-0 7. a3 Bxd2+ 8. Bxd2 Ne4 9. Bd3 Nxd2 10. Nxd2 dxc4 11. Nxc4 e5 12. Qc2 exd4 13. Bxh7+ Kh8 14. Be4 dxe3 15. Nxe3 f5 16. Bxc6 f4 17. Be4 fxe3 18. 0-0 exf2+ 19. Rxf2 Rxf2 20. Qd2 Re2 21. Qxe2 c6 22. Qf2 Qb6 23. Qxb6 axb6 24. Rd1 Bg4 25. Rd4 Kg8 26. Bxc6 bxc6 27. Rxg4 Rd8 28. Rb4 b5 29. Kf2 Rd2+ 30. Kf3 Kf7 31. h4 Ke6 32. g4 Ke5 33. Rb3 g6 34. Re3+ Kf6 35. Kf4 Rf2+ 36. Ke4 Rxb2 37. Rc3 Re2+ 38. Kf4 Re6 39. Rc5 Ke7 40. Kg5 Kd6 41. Rc3 Kd5 42. h5 gxh5 43. gxh5 c5 44. h6 Kd4 45. h7 Re8 46. Rb3 Rh8 47. Kg6 Kc4 48. Rb1 b4 49. a4 Ra8 50. Kg7 Ra7+ 51. Kg6 Ra8 52. Rh1 b3 53. h8Q Rxh8 54. Rxh8 Kb4 55. Rb8+ Kxa4 56. Kf5 Ka3 57. Ke4 Ka2 58. Kd3 c4+ 59. Kc3 Ka1 60. Ra8+ Kb1 61. Rf8 Ka2 62. Rf1 b2 63. Kc2 Ka3 64. Rb1 c3 65. Kxc3 Ka2 66. Rxb2+ Ka1 1-0

[Event "BCF-ch"]
[Site "Hull"]
[Date "2024.07.29"]
[Round "3"]
[White "Subramanian, Anusha"]
[Black "Richardson, John R"]
[Result "0-1"]
[WhiteElo "2033"]
[BlackElo "2299"]
[PlyCount "120"]
[EventDate "2024.07.27"]
[EventType "swiss"]
[EventRounds "9"]
[EventCountry "ENG"]
[SourceTitle "CBM 221 Extra"]
[Source "ChessBase"]
[SourceDate "2024.09.30"]
[SourceVersion "1"]
[SourceVersionDate "2024.09.30"]
[SourceQuality "1"]

1. c4 Nf6 2. Nc3 e6 3. d4 Bb4 4. f3 d5 5. a3 Bxc3+ 6. bxc3 c5 7. cxd5 Nxd5 8. dxc5 Qa5 9. e4 Nf6 10. Be3 0-0 11. Qb3 Nfd7 12. a4 Qc7 13. Qa3 b6 14. a5 bxc5 15. a6 c4 16. Nh3 Bxa6 17. Be2 Bb5 18. Rb1 Qc6 19. Qa5 a6 20. 0-0 Ne5 21. Nf2 Nbd7 22. f4 Nd3 23. e5 Rac8 24. Bf3 Qc7 25. Qa3 N7c5 26. Nxd3 Nxd3 27. Be4 Nxe5 28. fxe5 Qxe5 29. Rbe1 Qxe4 30. Bc5 Qg4 31. Bxf8 Bc6 32. Rf2 Rxf8 33. Qxa6 Bd5 34. Qd6 h6 35. Qe5 Ra8 36. h3 Qg6 37. Kh2 f6 38. Qg3 Qxg3+ 39. Kxg3 Ra3 40. Re3 Kf7 41. Rd2 f5 42. Rc2 g5 43. Ree2 f4+ 44. Kf2 Kf6 45. Red2 Be4 46. Rc1 Bd3 47. Rb2 Ra6 48. Kf3 e5 49. Kf2 e4 50. Re1 h5 51. g4 h4 52. Rd1 e3+ 53. Kf3 Re6 54. Ra1 Be4+ 55. Ke2 Bg2 56. Ke1 Bxh3 57. Ra5 Bxg4 58. Rbb5 f3 59. Rxg5 f2+ 60. Kf1 Bh3+ 0-1

[Event "Titled Tuesday intern op 02nd Jul Early"]
[Site "Chess.com INT"]
[Date "2024.07.02"]
[Round "7"]
[White "Subramanian, Anusha"]
[Black "King Rodriguez, Os Misael"]
[Result "0-1"]
[WhiteElo "2033"]
[BlackElo "2005"]
[PlyCount "134"]
[EventDate "2024.07.02"]
[EventType "swiss (blitz)"]
[EventRounds "11"]
[EventCountry "USA"]
[SourceTitle "EXT 2025"]
[Source "ChessBase"]
[SourceDate "2024.10.14"]
[SourceVersion "1"]
[SourceVersionDate "2024.10.14"]
[SourceQuality "1"]

1. d4 Nf6 2. Bg5 e6 3. e4 h6 4. Bxf6 Qxf6 5. Nc3 Bb4 6. a3 Bxc3+ 7. bxc3 d5 8. e5 Qe7 9. f4 c5 10. Bb5+ Bd7 11. Bxd7+ Nxd7 12. Nf3 Rc8 13. 0-0 Nb6 14. Qd3 Qc7 15. f5 exf5 16. Qxf5 cxd4 17. Nxd4 0-0 18. Rf3 Nc4 19. Rg3 Qxe5 20. Qg4 Ne3 21. Qf3 Rxc3 22. Nf5 Nxf5 23. Qxc3 d4 24. Re1 Qd6 25. Qb4 Qxb4 26. axb4 Nxg3 27. hxg3 Rc8 28. Re4 Rxc2 29. Rxd4 Rc7 30. Kf2 Kf8 31. Ke3 Ke7 32. Ke4 Ke6 33. g4 g6 34. g3 f5+ 35. gxf5+ gxf5+ 36. Kf3 Ke5 37. Rh4 Rc6 38. Rh5 Rc3+ 39. Kf2 Rc4 40. b5 Rb4 41. Rxh6 Rxb5 42. Rh5 a5 43. g4 Kf4 44. gxf5 Rxf5 45. Rh8 Ke4+ 46. Ke2 Kd4 47. Kd2 b5 48. Rb8 Kc4 49. Kc2 Rf2+ 50. Kb1 a4 51. Rb7 b4 52. Rc7+ Kb3 53. Kc1 a3 54. Ra7 Rf1+ 55. Kd2 a2 56. Ke2 a1Q 57. Rxa1 Rxa1 58. Kd3 Rc1 59. Kd4 Ka3 60. Kd3 b3 61. Kd4 b2 62. Kd3 b1Q+ 63. Kd4 Qb4+ 64. Kd5 Rc5+ 65. Ke6 Qb6+ 66. Kd7 Rc7+ 67. Ke8 Qb8# 0-1

[Event "Titled Tuesday intern op 25th Jun Early"]
[Site "Chess.com INT"]
[Date "2024.06.25"]
[Round "9"]
[White "Garcia, Angie"]
[Black "Subramanian, Anusha"]
[Result "0-1"]
[WhiteElo "2015"]
[BlackElo "2050"]
[PlyCount "92"]
[EventDate "2024.06.25"]
[EventType "swiss (blitz)"]
[EventRounds "11"]
[EventCountry "USA"]
[SourceTitle "EXT 2025"]
[Source "ChessBase"]
[SourceDate "2024.10.14"]
[SourceVersion "1"]
[SourceVersionDate "2024.10.14"]
[SourceQuality "1"]

1. e4 e6 2. d4 d5 3. Nd2 c5 4. Ngf3 cxd4 5. Nxd4 Nc6 6. Bb5 Bd7 7. Nxc6 Bxc6 8. Bd3 Nf6 9. exd5 Qxd5 10. Nf3 Bc5 11. 0-0 0-0 12. Qe2 Qh5 13. Ne5 Qxe2 14. Bxe2 Be4 15. c3 Rfd8 16. Bg5 h6 17. Bh4 Rd2 18. Rae1 g5 19. Bg3 Rxb2 20. Nc4 Rxa2 21. Be5 Rxe2 22. Bxf6 Bd3 23. Ne5 Rxe1 24. Rxe1 Bf5 25. Nd7 Rc8 26. h3 Rc7 27. Ne5 b5 28. Rd1 Be7 29. Ng4 Bxf6 30. Nxf6+ Kf8 31. Nd7+ Ke7 32. Ne5 f6 33. Nf3 Rxc3 34. Nd4 Rc5 35. g4 Bg6 36. Re1 e5 37. Nb3 Rc3 38. Na5 Kd6 39. Rd1+ Kc5 40. Nb7+ Kb4 41. Rb1+ Bxb1 42. Nd8 Rc1+ 43. Kg2 Be4+ 44. f3 Rc2+ 45. Kg3 Ba8 46. Nf7 Rc3 0-1

[Event "ENG-ch (Women)"]
[Site "Kenilworth"]
[Date "2024.06.22"]
[Round "6"]
[White "Subramanian, Anusha"]
[Black "Mirzoeva, Elmira"]
[Result "0-1"]
[WhiteElo "2050"]
[BlackElo "2260"]
[PlyCount "140"]
[EventDate "2024.06.20"]
[EventType "swiss"]
[EventRounds "7"]
[EventCountry "ENG"]
[SourceTitle "CBM 220 Extra"]
[Source "ChessBase"]
[SourceDate "2024.07.31"]
[SourceVersion "1"]
[SourceVersionDate "2024.07.31"]
[SourceQuality "1"]

1. Nf3 d5 2. b3 Bf5 3. Bb2 e6 4. e3 Nf6 5. c4 c6 6. d4 Bd6 7. Bd3 0-0 8. 0-0 Nbd7 9. Nc3 Qe7 10. Re1 Bxd3 11. Qxd3 a5 12. a3 dxc4 13. Qxc4 e5 14. dxe5 Nxe5 15. Nxe5 Qxe5 16. Qh4 Qe6 17. Ne2 Ne4 18. Nd4 Qg6 19. Rad1 Rfe8 20. f3 Nc5 21. e4 Be5 22. b4 axb4 23. axb4 Ne6 24. Nxe6 Bxb2 25. Nf4 Qf6 26. Qxf6 Bxf6 27. Rd7 Re7 28. Red1 Kf8 29. Rd8+ Re8 30. R8d7 Reb8 31. Nh5 Bc3 32. Rc7 Be5 33. Rcd7 g6 34. Ng3 Ke8 35. b5 c5 36. Ne2 Rd8 37. R7d5 f6 38. f4 Bc7 39. Rxd8+ Rxd8 40. Rxd8+ Kxd8 41. g3 Ba5 42. Nc1 Kc7 43. Nb3 Kb6 44. e5 fxe5 45. fxe5 Bc3 46. e6 Bf6 47. Kf2 Kxb5 48. Ke3 b6 49. Nd2 Kc6 50. Nc4 b5 51. Na5+ Kd5 52. Nb7 Be7 53. Kd3 c4+ 54. Kc3 b4+ 55. Kc2 Kxe6 56. Na5 Kd5 57. Kd2 Bd8 58. Nb7 Bc7 59. Ke3 Bb6+ 60. Kd2 Kc6 61. g4 Kxb7 62. h4 Kc6 63. h5 Kd5 64. hxg6 hxg6 65. g5 c3+ 66. Kd3 Bd4 67. Kc2 Kc4 68. Kc1 Be3+ 69. Kb1 Kd3 70. Ka1 c2 0-1